Nicknames of the Mafia - Statistics

General Stats
  • This quiz has been taken 356 times
  • The average score is 4 of 16
Answer Stats
Hint Answer % Correct
Al Capone Scarface
78%
Salvatore Lucania Lucky Luciano
70%
Benjamin Siegel Bugsy
63%
Vincent Gigante The Chin
47%
Joseph Bonanno Joe Bananas
34%
Albert Anastasia The Mad Hatter
27%
Carmine Persico the Snake
25%
Louis Buchalter Lepke
17%
Arthur Flegenheimer Dutch Schultz
15%
Abe Reles Kid Twist
15%
Dominick Napolitano Sonny Black
15%
Francesco Castiglia Frank Costello
11%
Gaetano Lucchese Three Finger Brown
8%
Irving Wexler Waxey Gordon
7%
Otto Berman Abbadabba
4%
Felix Alderisio Milwaukee Phil
4%
No matching quizzes found
Score Distribution
Percent of People with Each Score
Percentile by Number Answered
Your Score History
You have not taken this quiz